[Event "40th BAN National Women Chess-ch 2021"]
[Site "Dhaka"]
[Date "2022.01.01"]
[Round "4.1"]
[White "Noshin, Anjum"]
[Black "Talukder, Umme Taslima Protiva"]
[Result "0-1"]
[WhiteElo "2045"]
[BlackElo "1706"]
[Annotator "TA"]
[PlyCount "52"]
[EventDate "2021.12.29"]
[EventCountry "BAN"]
[SourceTitle "playchess.com"]
[Source "ChessBase"]
[SourceQuality "1"]

{[%evp 13,52,13,43,-21,42,4,27,8,25,19,41,25,29,0,72,-71,-58,-58,0,-24,-5,-6,0,0,7,0,31,25,37,-98,-67,-89,68,55,115,123,438,-1050,-562,-1062,-1044]} 1. e4 c5 2. Nf3 d6 3. d4 cxd4 4. Nxd4 Nf6 5. Nc3 a6 6. h3 e5 {6...e5 is better than 6...e6.} 7. Nde2 Be6 8. Be3 {B90: Sicilian Najdorf: Unusual White 6th moves, 6 Be3 Ng4 and 6 Be3 e5.} (8. g4 $14) 8... b5 (8... Qa5 $11) 9. a3 {[#]} Nbd7 $146 ({Predecessor:} 9... Qc7 10. g4 Nc6 11. Bg2 Be7 12. O-O Rc8 13. Rc1 Na5 14. b3 Nc6 15. Nd5 Bxd5 16. exd5 {1-0 (38) Sallai,M (1993)-Haszon,K (1741) Hungary 2010}) 10. g4 {White has an edge.} Nc5 11. Bg2 h6 12. Qd2 Rb8 13. Ng3 g6 {[#]} (13... Na4 $1 $11 {keeps the balance.}) 14. g5 (14. f4 $1 $16 {[%cal Rf4f5]}) 14... hxg5 $17 {Black is more active.} 15. Bxg5 Ncd7 (15... Be7 $15) 16. Nd5 Bxd5 17. exd5 Be7 18. h4 Nb6 19. b3 Rc8 20. O-O-O {[%cal Be1c1,Bc1b2,Bb2b1][%mdl 32]} Qc7 {[%cal Ob6d5]} 21. Qe2 (21. Bh3 $14 {stays ahead.} Nbd7 22. Kb2 (22. Kb1 Nxd5 23. Qxd5 Qxc2+ 24. Ka1 Qc3+ 25. Ka2 Qc2+ 26. Ka1 Qc3+ 27. Ka2 Qc2+ 28. Ka1 $11)) 21... Qc5 {[%csl LRa3,LRd5]} 22. Kb2 Qc3+ $2 ({Black should play} 22... Nfxd5 $17 {Hoping for ...Nc3.} 23. Bxd5 Nxd5) 23. Kb1 $14 {aiming for Bxf6.} Nbd7 {[#]} ({Better is} 23... Nh5 $1 $14) 24. Bh3 $1 $16 {Threatens to win with Bxf6. This bishop pair is nice.} Rc7 $2 {[%mdl 8192]} (24... Nh5 $16 {is more resistant.}) 25. Bd2 $4 {[%mdl 8192]} (25. Bxd7+ $18 Nxd7 26. Ne4) 25... Qxc2+ $19 26. Ka1 Nc5 {Weighted Error Value: White=0.83/Black=0.53} 0-1

[Event "40th BAN National Women Chess-ch 2021"]
[Site "Dhaka"]
[Date "2022.01.01"]
[Round "4.2"]
[White "Sabikun Nahar, Tonima"]
[Black "Sultana, Sharmin Shirin"]
[Result "0-1"]
[WhiteElo "1537"]
[BlackElo "1975"]
[Annotator "TA"]
[PlyCount "82"]
[EventDate "2021.12.29"]
[EventCountry "BAN"]
[SourceTitle "playchess.com"]
[Source "ChessBase"]
[SourceQuality "1"]

{[%evp 9,82,29,100,86,93,84,109,94,96,90,106,77,128,100,104,63,70,54,104,88,111,113,107,104,94,113,110,99,100,97,101,0,0,-79,22,-27,41,-101,-84,-131,-122,-133,-52,-168,-97,-180,0,-31,-10,-29,-12,-12,42,0,-8,-6,-19,-5,0,0,0,0,0,-97,0,-118,-124,-189,-171,-726,-702,-1327,-1273,-29991,-29991]} 1. e4 c5 2. Nf3 e6 3. d4 cxd4 4. Nxd4 a6 5. c4 g6 (5... Bb4+ $11 6. Bd2 Qb6) 6. Nc3 $16 {B41: Sicilian: Kan Variation: 5 c4.} Bg7 7. Be3 {7.Be3 is better than 7.Be2.} Nc6 8. Be2 {White is better.} Nge7 9. Qd2 O-O 10. O-O Qc7 (10... f5 $142) 11. Rac1 b6 {[#]} 12. a3 $146 (12. Nf3 $16) ({Predecessor:} 12. Nd5 Qb8 13. Nxc6 Nxc6 14. Nxb6 Qb7 15. Nxa8 Qxa8 16. Bh6 Ne5 17. Bxg7 Kxg7 18. Qc3 {1-0 (46) Petrova,I (2077)-Cramling Bellon,A (2035) Chess.com INT 2020}) 12... Bb7 13. b4 d6 (13... f5 $14) 14. f3 Ne5 15. Na4 Nd7 16. Nb3 Rad8 17. Rfd1 Nc8 18. Bf1 Qb8 19. Qf2 {[%cal Ra4b6]} Ba8 20. c5 (20. Be2 $16) 20... bxc5 $11 21. Bxa6 (21. Qd2 $11) 21... Bc6 (21... cxb4 $17 22. axb4 Qxb4) 22. Nb2 (22. Nc3 $142) 22... cxb4 23. Na5 ({Much weaker is} 23. Rxc6 bxa3 24. Nd4 axb2 $17) (23. axb4 $14 {stays ahead.} Qxb4 24. Nd4 (24. Rxc6 Qxb3 25. Bxc8 Rxc8 $11)) 23... Ba8 $17 24. a4 (24. Nd3 $142 bxa3 25. Qa2) 24... d5 $1 25. Bb5 Ncb6 (25... Ne5 $17 26. exd5 Rxd5) 26. Bc6 (26. Nc6 $1 $15 Bxc6 27. Rxc6) 26... Rc8 ({Black should play} 26... dxe4 $1 $19 {And now ...Nd5 would win.} 27. Bxa8 (27. fxe4 $2 Ne5 $19) 27... Qxa8) 27. exd5 {[#]} (27. Nd3 $17) 27... exd5 $2 (27... Nxd5 $1 $19 28. Bxd7 Rxc1 29. Bxc1 Qc7) 28. Bb5 (28. Nd3 $5 {[%cal Rd3b4]}) 28... Qd6 29. Bd4 Rxc1 (29... Be5 $5 {[%cal Re5h2]}) 30. Rxc1 Qf4 31. Be3 (31. Nb3 $14 Bxd4 32. Qxd4 Qxd4+ 33. Nxd4) 31... Qf6 $11 32. Nd3 d4 33. Bd2 Ne5 $36 {[%cal Ob6a4][%mdl 2048] Black is pushing.} 34. Nxb4 ({Don't play} 34. Bxb4 Bh6 35. Bd2 Nxd3 36. Bxd3 Bxd2 37. Qxd2 Nxa4 $17) 34... Nd5 35. Nxd5 Bxd5 36. Kh1 (36. h3 $11) 36... Rd8 (36... Qe6 $17) 37. Qe2 {[#]} (37. Qg3 $11 {remains equal.}) 37... Qh4 $1 $17 {[%cal Od4d3] Threatens to win with ...d3!} 38. Be1 {[#]} (38. Kg1 $17 {was called for.}) 38... Qh5 $1 $19 {[%cal Re5f3]} 39. Bd2 $2 {[#]} (39. f4 Qxe2 40. Bxe2) 39... Nxf3 $1 {[%csl Gf3][%cal Rh5h2][%mdl 512]} 40. Bf4 {[#]} (40. h3 Nxd2) 40... Bh6 $1 41. g4 (41. Bg3 Bxc1) 41... Qxg4 {Weighted Error Value: White=0.84/Black=0.30} 0-1

[Event "40th BAN National Women Chess-ch 2021"]
[Site "Dhaka"]
[Date "2022.01.01"]
[Round "4.3"]
[White "Ahmed, Walijah"]
[Black "Syeda Fahmida, Malek"]
[Result "1-0"]
[WhiteElo "1919"]
[BlackElo "1569"]
[Annotator "TA"]
[PlyCount "77"]
[EventDate "2021.12.29"]
[EventCountry "BAN"]
[SourceTitle "playchess.com"]
[Source "ChessBase"]
[SourceQuality "1"]

{[%evp 9,77,25,39,8,4,0,8,12,30,8,41,29,44,19,78,0,4,0,12,-45,91,-50,56,-110,114,107,479,476,1652,1642,1556,1529,1462,1447,29989,29990,29990,29986,29986,29987,29987,2687,1376,1225,1189,1172,1430,1433,1355,1364,1355,1355,1344,1344,1278,1227,1683,1670,2374,2202,29971,29973,29972,29973,29971,29974,7154,6532,29989,29990]} 1. e4 c5 2. Nf3 Nc6 3. d4 cxd4 4. Nxd4 e6 5. Nc3 Bb4 6. a3 {B45: Sicilian Four Knights.} Bxc3+ 7. bxc3 {With the idea Nb5.} Nf6 8. Bd3 {The position is equal.} Qa5 9. Bd2 O-O 10. O-O {[%cal Oc3c4] [#]} a6 $146 ({Predecessor:} 10... d5 11. c4 Qc5 12. Nxc6 Qxc6 13. cxd5 exd5 14. exd5 Nxd5 15. Be4 Be6 16. Bb4 Rfd8 {0-1 (72) Reichenberg,T-Haenisch,J (2053) Recklinghausen 2000}) 11. Kh1 Qc7 (11... d5 $11 {keeps the balance.}) 12. f4 (12. Bg5 $1 $16) 12... d6 13. Qf3 e5 14. Nf5 ({White should try} 14. Nxc6 $11 Qxc6 15. fxe5 dxe5 16. Bg5) 14... Re8 {[#]} (14... Bxf5 $15 {keeps the upper hand.} 15. exf5 Rac8) 15. Rae1 {White is more active.} ({White should play} 15. Nxg7 $1 $16 Kxg7 16. fxe5) 15... exf4 {[#]} (15... Bxf5 $15 16. exf5 d5 17. fxe5 Nxe5) 16. Bxf4 $2 (16. Nxg7 $1 $14 {stays ahead.} Kxg7 17. Bxf4 (17. Qxf4 Ng8 $17)) 16... Ne5 $2 (16... Bxf5 $17 {stays on course.} 17. exf5 Ne5) 17. Bxe5 $40 {[%mdl 128] White goes for the king.} dxe5 $4 {[%mdl 8192] A mistake that costs the game.} (17... Rxe5 $16 {is a better chance.} 18. Nxg7 Qe7) 18. Nxg7 $1 $18 Kxg7 (18... Qe7 $142 19. Nxe8 (19. Qxf6 Qxf6 20. Rxf6 Kxg7 $16) 19... Nxe8) 19. Qxf6+ Kg8 20. Re3 Be6 21. Qh6 {Intending Rg3+ and mate.} Qd7 22. Rg3+ Bg4 23. Qg5+ Kf8 24. Rxg4 Qe6 {[#]} 25. Rh4 (25. Bc4 $142 $1 Qxc4 26. Qg7+ Ke7 27. Qxe5+ Kd8 28. Rd1+ Kc8 29. Qxe8+ Kc7 30. Qxa8) 25... Qg6 26. Qxg6 hxg6 27. Rh7 Ke7 28. Rfxf7+ Kd6 29. Rd7+ Kc6 30. Rc7+ Kb6 31. Rxb7+ Ka5 32. Rb4 Reb8 33. Re7 Rxb4 34. axb4+ {KRB-KR} Ka4 35. Rxe5 {[%csl Gb4][%cal Re5a5]} Ka3 36. Ra5+ Kb2 37. Rxa6 Rc8 38. b5 {White wants to mate with Rc6.} Kxc3 39. Rc6+ {Weighted Error Value: White=0.49/Black=0.99} 1-0

[Event "40th BAN National Women Chess-ch 2021"]
[Site "Dhaka"]
[Date "2022.01.01"]
[Round "4.4"]
[White "Jannatul, Ferdous"]
[Black "Nusrat, Jahan Liza"]
[Result "1-0"]
[WhiteElo "1810"]
[BlackElo "1478"]
[Annotator "NA RC"]
[PlyCount "69"]
[EventDate "2021.12.29"]
[EventCountry "BAN"]
[SourceTitle "playchess.com"]
[Source "ChessBase"]
[SourceQuality "1"]
[TimeControl "40/5400+30:1800+30"]

{[%evp 8,65,27,23,45,25,60,31,50,35,47,47,56,43,44,45,82,29,67,59,80,45,40,36,50,45,194,27,33,35,34,0,11,-30,-18,-25,109,116,348,83,189,146,364,383,485,520,531,537,1141,1286,1581,1609,1393,1490,29984,29988,29988,29989,29997,29998]} 1. e4 {[%emt 0:00:04]} e5 {[%emt 0:00:05]} 2. Nf3 {[%emt 0:00:04]} Nc6 {[%emt 0:00:11]} 3. Bb5 {[%emt 0:00:06]} a6 {[%emt 0:00:10]} 4. Ba4 {[%emt 0:00:02]} Nf6 {[%emt 0:00:27]} 5. O-O {[%emt 0:00:30]} d6 {[%emt 0:00:22]} 6. Re1 {[%emt 0:00:29]} Bd7 {[%emt 0:00:40]} (6... b5 $11 {is more appropriate.} 7. Bb3 Be7) 7. c3 {[%emt 0:00:48]} Be7 {[%emt 0:00:28]} 8. d4 {[%emt 0:01:14]} O-O {[%emt 0:02:50]} 9. h3 {[%emt 0:05:33]} h6 {[%emt 0:02:12]} 10. Nbd2 {[%emt 0:01:04]} b5 {[%emt 0:01:07]} 11. Bc2 {[%emt 0:00:20]} Nh7 {[%emt 0:03:14]} 12. dxe5 {[%emt 0:10:43]} (12. d5 $14) 12... dxe5 {[%emt 0:01:24]} 13. Nf1 {[%emt 0:00:59]} Qc8 {[%emt 0:02:23]} (13... Be6 $14) 14. Ng3 {[%emt 0:04:51]} Rd8 {[%emt 0:08:30]} 15. Qe2 {[%emt 0:00:18]} Be6 {[%emt 0:03:34]} 16. Nf5 {[%emt 0:07:21]} Bc4 {[%emt 0:03:49] [#]} ({Black should play} 16... Bf8 $14) 17. Nxe7+ $2 {[%emt 0:00:54]} ({White must play} 17. Nxe5 $1 $18 {[%mdl 512]} Bxe2 18. Nxc6) 17... Nxe7 {[%emt 0:00:23]} 18. Qe3 {[%emt 0:00:27]} Ng6 $1 {[%emt 0:00:41]} 19. b3 {[%emt 0:03:30]} Be6 {[%emt 0:00:14]} 20. Qc5 {[%emt 0:02:20] [#]} (20. a4 $142) 20... Bxh3 $1 {[%emt 0:06:01]} 21. Nxe5 {[%emt 0:23:27] [#]} ({But not} 21. gxh3 $2 Qxh3 22. Re3 (22. Nxe5 $2 {gets mated.} Nh4) 22... Qg4+ 23. Kf1 Nf4 $19) 21... Nxe5 {[%emt 0:00:49]} (21... Qe6 $1 $11 {remains equal.} 22. Re3 (22. Nxg6 Qxg6) 22... Nxe5 23. Rxh3 Ng5 24. Bxg5 hxg5) 22. Qxe5 {[%emt 0:03:07]} Rd6 $2 {[%emt 0:04:34]} 23. Kh2 $2 {[%emt 0:03:07]} (23. gxh3 $18 {and the rest is easy.} Qxh3 24. Re3 Rg6+ 25. Rg3) 23... Bxg2 {[%emt 0:04:54]} 24. Kxg2 {[%emt 0:01:19]} Qg4+ $2 {[%emt 0:00:06]} (24... Rg6+ $16 25. Kh2 Nf6) 25. Qg3 {[%emt 0:00:20]} Qd7 {[%emt 0:10:01]} 26. e5 {[%emt 0:01:23]} Rb6 {[%emt 0:06:00]} 27. Be3 {[%emt 0:00:49]} Rbb8 {[%emt 0:05:48]} 28. Bxh6 {[%emt 0:01:36]} g6 {[%emt 0:05:27]} 29. Rad1 {[%emt 0:03:12]} Qe6 {[%emt 0:01:31]} 30. Be4 {[%emt 0:03:57]} Ra7 {[%emt 0:02:38]} 31. Bd5 {[%emt 0:01:04]} Qf5 {[%emt 0:01:05]} 32. e6 {[%emt 0:00:45]} c6 {[%emt 0:04:50]} 33. Qxb8+ {[%emt 0:00:48]} Nf8 {[%emt 0:00:11]} 34. Qxf8+ {[%emt 0:00:07]} Kh7 {[%emt 0:20:51]} 35. Qg7# {[%emt 0:21:22]} 1-0

[Event "40th BAN National Women Chess-ch 2021"]
[Site "Dhaka"]
[Date "2022.01.01"]
[Round "4.5"]
[White "Nusrat Jahan, Alo"]
[Black "Nargis, Kaumudi"]
[Result "1-0"]
[WhiteElo "1766"]
[BlackElo "1237"]
[Annotator "NA RC"]
[PlyCount "87"]
[EventDate "2021.12.29"]
[EventCountry "BAN"]
[SourceTitle "playchess.com"]
[Source "ChessBase"]
[SourceQuality "1"]
[TimeControl "40/5400+30:1800+30"]

1. e4 {[%emt 0:00:03]} d6 {[%emt 0:01:09]} 2. d4 {[%emt 0:00:14]} c6 {[%emt 0:00:07]} 3. Nf3 {[%emt 0:00:16]} Nd7 {[%emt 0:00:12]} 4. Nc3 {[%emt 0:02:05]} Qc7 {[%emt 0:00:11]} 5. Be2 {[%emt 0:00:42]} e5 {[%emt 0:00:13]} 6. d5 {[%emt 1:30:10]} Ngf6 {[%emt 0:00:15]} 7. O-O {[%emt 0:05:06]} Be7 {[%emt 0:00:10]} 8. Re1 {[%emt 0:06:46]} O-O {[%emt 0:00:40]} 9. Bf1 {[%emt 0:07:46]} Ne8 {[%emt 0:03:07]} 10. b3 {[%emt 0:13:09]} Nb6 {[%emt 0:02:16]} 11. Bb2 {[%emt 0:10:09]} Bg4 {[%emt 0:00:21]} 12. h3 {[%emt 0:02:09]} Bh5 {[%emt 0:00:07]} 13. dxc6 {[%emt 0:10:21]} bxc6 {[%emt 0:00:15]} 14. Qd3 {[%emt 0:05:44]} Bg6 {[%emt 0:00:35]} 15. Rad1 {[%emt 0:03:03]} Rd8 {[%emt 0:00:00]} 16. Qe3 {[%emt 0:02:56]} f5 {[%emt 0:00:00]} 17. exf5 {[%emt 0:04:06]} Bxf5 {[%emt 0:00:00]} 18. Bd3 {[%emt 0:01:09]} Bxd3 {[%emt 0:00:00]} 19. Rxd3 {[%emt 0:02:48]} Nd5 {[%emt 0:00:00]} 20. Nxd5 {[%emt 0:03:30]} cxd5 {[%emt 0:00:00]} 21. Rxd5 {[%emt 0:00:31]} Qxc2 {[%emt 0:00:00]} 22. Rd2 {[%emt 0:00:48]} Qc7 {[%emt 0:00:00]} 23. Rc1 {[%emt 0:03:03]} Qb7 {[%emt 0:00:00]} 24. Rdc2 {[%emt 0:06:01]} h6 {[%emt 0:00:00]} 25. Qe2 {[%emt 0:01:33]} Bf6 {[%emt 0:00:00]} 26. Rd1 {[%emt 0:02:42]} e4 {[%emt 0:00:00]} 27. Nd4 {[%emt 0:00:42]} Bxd4 {[%emt 0:00:00]} 28. Bxd4 {[%emt 0:00:10]} Rf7 {[%emt 0:00:00]} 29. Rcd2 {[%emt 0:01:43]} d5 {[%emt 0:00:00]} 30. Bb2 {[%emt 0:02:08]} Nc7 {[%emt 0:00:00]} 31. Qh5 {[%emt 0:01:28]} Ne6 {[%emt 0:00:00]} 32. Rxd5 {[%emt 0:01:19]} Rxd5 {[%emt 0:00:00]} 33. Qxd5 {[%emt 0:00:34]} Qa6 {[%emt 0:00:00]} 34. Qxe4 {[%emt 0:00:56]} Ng5 {[%emt 0:00:00]} 35. Rd8+ {[%emt 0:00:31]} Rf8 {[%emt 0:00:00]} 36. Qd5+ {[%emt 0:00:45]} Ne6 {[%emt 0:00:00]} 37. Rd6 {[%emt 0:00:20]} Qe2 {[%emt 0:00:00]} 38. Qxe6+ {[%emt 0:00:07]} Qxe6 {[%emt 0:00:00]} 39. Rxe6 {[%emt 0:00:02]} Rd8 {[%emt 0:00:00]} 40. Re7 {[%emt 0:00:00]} Kf8 {[%emt 0:00:00]} 41. Rxa7 {[%emt 0:00:34]} Rd2 {[%emt 0:00:00]} 42. Bxg7+ {[%emt 0:00:10]} Kg8 {[%emt 0:00:00]} 43. Bxh6 {[%emt 0:00:10]} Rd1+ {[%emt 0:00:00]} 44. Kh2 {[%emt 0:00:12]} 1-0

[Event "40th BAN National Women Chess-ch 2021"]
[Site "Dhaka"]
[Date "2022.01.02"]
[Round "5.1"]
[White "Sultana, Sharmin Shirin"]
[Black "Jannatul, Ferdous"]
[Result "1/2-1/2"]
[WhiteElo "1975"]
[BlackElo "1810"]
[Annotator "TA"]
[PlyCount "93"]
[EventDate "2021.12.29"]
[EventCountry "BAN"]
[SourceTitle "playchess.com"]
[Source "ChessBase"]
[SourceQuality "1"]

{[%evp 20,93,47,35,40,33,31,33,36,40,61,57,59,37,58,60,61,37,49,0,0,0,0,0,0,0,-7,-1,0,0,0,-6,-8,-8,3,0,11,19,52,56,51,37,50,32,26,0,0,0,22,0,8,0,13,13,113,106,119,124,127,17,85,85,148,148,148,148,148,134,148,148,193,191,204,0,0,0]} 1. d4 d5 2. c4 c6 3. Nc3 Nf6 4. Nf3 e6 5. Bg5 Nbd7 {[%cal Bb8d7,Bd7f8,Bf8g6][%mdl 32]} 6. e3 Be7 7. Rc1 O-O 8. Qc2 Re8 9. a3 Nf8 10. Bd3 Ng6 11. O-O Nd7 {[#] To avoid Ne5. D64: Queen's Gambit Declined: Classical: 7 Rc1 c6 8 Qc2.} 12. Bf4 $146 {And now cxd5 would win.} ({Predecessor:} 12. Bxe7 Qxe7 13. e4 dxc4 14. Bxc4 e5 15. Ba2 exd4 16. Nxd4 Nf6 17. f3 Nf4 18. Nce2 Nxe2+ 19. Nxe2 {0-1 (55) Humphrey,J (2217)-Boguszlavszkij,J (2262) Budapest 2003}) 12... dxc4 13. Bxc4 Nxf4 {White is slightly better.} 14. exf4 Nb6 15. Bd3 {White is more active.} g6 16. Ne4 Nd5 17. g3 Bf8 18. Rfd1 Bg7 19. b4 (19. h4 $14 {is more appropriate.}) 19... a5 20. b5 cxb5 21. Bxb5 Bd7 22. Qe2 Bxb5 23. Qxb5 Re7 24. Nc3 Qd7 25. Qxd7 Rxd7 26. Nb5 f6 27. Rc2 Kf7 28. Nd2 Rad8 29. Ne4 Bf8 30. Re1 Nb6 31. Rb1 Rc8 32. Rbc1 (32. Nc5 {keeps more tension.} Bxc5 33. dxc5 Na4 34. Rbc1 Rb8 35. Nd6+) 32... Rxc2 33. Rxc2 Nd5 34. Kg2 h6 35. h4 f5 36. Nd2 Bg7 (36... Rd8 $11 {keeps the balance.}) 37. Nc4 $16 b6 38. Ne5+ Bxe5 39. fxe5 {[%mdl 4096] Endgame KRN-KRN} (39. dxe5 $16 Ne7 40. Nd6+ Kg7 41. a4) 39... h5 (39... Rd8 $11 {remains equal.}) 40. Rc8 Kg7 ({Black should try} 40... f4) 41. Rc6 Kf7 42. Kf3 Ke7 43. Ke2 Rb7 44. Kd3 Kd7 {Inhibits Rc8.} (44... Rb8 $16) 45. Rd6+ $18 Ke7 46. Rc6 $2 {[#]} (46. f4 $18) 46... Kd7 $1 $11 47. Rc1 {Weighted Error Value: White=0.18 (very precise) /Black=0.16 (very precise)} 1/2-1/2

[Event "40th BAN National Women Chess-ch 2021"]
[Site "Dhaka"]
[Date "2022.01.02"]
[Round "5.2"]
[White "Talukder, Umme Taslima Protiva"]
[Black "Ahmed, Walijah"]
[Result "1/2-1/2"]
[WhiteElo "1706"]
[BlackElo "1919"]
[Annotator "TA"]
[PlyCount "70"]
[EventDate "2021.12.29"]
[EventCountry "BAN"]
[SourceTitle "playchess.com"]
[Source "ChessBase"]
[SourceQuality "1"]

{[%evp 21,70,36,46,14,25,7,11,0,16,-8,-3,-5,0,0,0,-6,0,-87,-84,-151,-130,-136,-86,-87,-84,-135,-44,-25,41,-42,-30,-36,41,16,27,7,30,-45,7,7,7,7,7,7,7,7,7,7,7,7,34]} 1. d4 Nf6 2. c4 g6 3. Nc3 Bg7 4. Nf3 O-O 5. e4 d6 6. Be2 Nbd7 7. O-O e5 8. d5 Nc5 9. Qc2 a5 10. Be3 Ng4 11. Bxc5 dxc5 12. Nd2 {E94: King's Indian: Classical: 6 Be2 e5 7 0-0: Various Black 7th moves.} Nh6 13. f3 f5 14. Rad1 {[#]} Rf7 $146 ({Predecessor:} 14... f4 15. Nb3 b6 16. Nb5 Nf7 17. Qd2 Nd6 18. a4 g5 19. g4 fxg3 20. hxg3 Bd7 21. Nxd6 cxd6 {0-1 (38) Mendes,M (1648)-Mateus,F (2066) Torres Vedras 2011}) 15. a4 Bf8 16. Nb5 Bd6 17. Nb3 f4 18. Qd2 b6 19. g4 (19. Nc1 $11 {remains equal.}) 19... Rg7 $17 20. Rf2 (20. Kh1 $142) 20... Nf7 21. Rg2 {[#]} Qh4 (21... h5 $142 $1 22. Qc2 hxg4 23. fxg4 Rh7) 22. Qe1 {[#]} Qh3 23. Nd2 (23. Rd3 $142) 23... Bd7 ({Black should play} 23... Ng5 $17 {White must now prevent ...h5.} 24. Kh1 h5 25. gxh5 Qxh5) 24. Bf1 $15 Ng5 (24... g5 $11) 25. Qf2 ({Better is} 25. Kh1 $14) 25... Kh8 26. Kh1 Rag8 (26... Nf7 $15) 27. Nxd6 (27. Rg1 {is interesting.} Qh6 28. h4 Nf7 29. Rg2 g5 30. h5) 27... cxd6 28. b3 Qh6 29. Rg1 (29. h4 $11) 29... Nf7 (29... Nh3 $1 $15 30. Bxh3 Qxh3) 30. h4 $11 {The position is equal.} g5 31. h5 Qf6 32. Bh3 Nh6 33. Kh2 Be8 34. Rg2 Qe7 35. Rdg1 Bf7 {Weighted Error Value: White=0.28 (precise) /Black=0.23 (precise)} 1/2-1/2

[Event "40th BAN National Women Chess-ch 2021"]
[Site "Dhaka"]
[Date "2022.01.02"]
[Round "5.3"]
[White "Kazi Zarin, Tasnim"]
[Black "Nusrat Jahan, Alo"]
[Result "0-1"]
[WhiteElo "1829"]
[BlackElo "1766"]
[Annotator "NA"]
[PlyCount "74"]
[EventDate "2021.12.29"]
[EventCountry "BAN"]
[SourceTitle "playchess.com"]
[Source "ChessBase"]
[SourceQuality "1"]
[TimeControl "40/5400+30:1800+30"]

1. e4 {[%emt 0:00:02]} c5 {[%emt 0:00:10]} 2. Nf3 {[%emt 0:00:13]} e6 {[%emt 0:00:08]} 3. d4 {[%emt 0:00:13]} cxd4 {[%emt 0:00:13]} 4. Nxd4 {[%emt 0:00:06]} a6 {[%emt 0:00:08]} 5. Bd3 {[%emt 1:32:26]} Qc7 {[%emt 0:00:16]} 6. Qe2 {[%emt 0:00:00]} Nc6 {[%emt 0:01:05]} 7. Nxc6 {[%emt 0:00:00]} bxc6 {[%emt 0:02:03]} 8. O-O {[%emt 0:01:30]} d6 {[%emt 0:07:49]} 9. c4 {[%emt 0:00:00]} Nf6 {[%emt 0:06:21]} 10. Nc3 {[%emt 0:00:00]} Be7 {[%emt 0:02:26]} 11. f4 {[%emt 0:00:00]} O-O {[%emt 0:04:36]} 12. g4 {[%emt 0:02:00]} d5 {[%emt 0:13:15]} 13. g5 {[%emt 0:00:00]} dxe4 {[%emt 0:07:28]} 14. Nxe4 {[%emt 0:00:00]} Nxe4 {[%emt 0:00:09]} 15. Qxe4 {[%emt 0:00:00]} g6 {[%emt 0:02:16]} 16. Be3 {[%emt 0:00:00]} c5 {[%emt 0:10:07]} 17. Qf3 {[%emt 0:00:00]} Bb7 {[%emt 0:01:50]} 18. Qg3 {[%emt 0:00:00]} Qc6 {[%emt 0:03:58]} 19. h4 {[%emt 0:00:00]} Rfd8 {[%emt 0:04:11]} 20. Be2 {[%emt 0:00:00]} Qe4 {[%emt 0:08:23]} 21. Rae1 {[%emt 0:00:00]} Qc2 {[%emt 0:01:42]} (21... Rab8 $5 {[%cal Re4c2]}) 22. Kf2 {[%emt 0:00:00] [#]} Be4 $1 {[%emt 0:02:29]} (22... Qxb2 $2 23. Rb1 Qxa2 24. Rxb7 $18) 23. Rb1 {[%emt 0:00:00]} (23. Rd1 $17) 23... Bd3 $2 {[%emt 0:02:52]} ({Don't do} 23... Rd3 24. Rfc1 Qa4 25. Bxd3 Bxd3 26. Ra1 $16) (23... Rab8 $19 24. Rfd1 Rxd1 25. Rxd1 Rxb2) 24. Rfe1 {[%emt 0:00:00]} (24. Qf3 $17 {was called for.}) 24... Bxe2 {[%emt 0:00:13]} (24... Rab8 $19 25. Qg2 Rxb2 26. Rxb2 Qxb2) 25. Rbc1 {[%emt 0:00:00]} Qxb2 {[%emt 0:00:59]} 26. Rxe2 {[%emt 0:00:00]} Qa3 {[%emt 0:00:41]} 27. h5 {[%emt 0:00:00]} Rab8 $15 {[%emt 0:03:37]} (27... gxh5 $17 28. Qh3 Qd3 29. Qxh5 Bf8) 28. Rcc2 {[%emt 0:00:00]} (28. hxg6 $17 hxg6 29. Rh1) 28... Rb1 {[%emt 0:05:32]} 29. f5 {[%emt 0:03:40]} Bd6 {[%emt 0:02:24]} 30. Qh4 {[%emt 0:01:39]} exf5 {[%emt 0:00:34]} 31. Bf4 {[%emt 0:01:18]} Bxf4 {[%emt 0:00:35]} 32. Qxf4 {[%emt 0:00:07]} Qh3 {[%emt 0:08:00]} 33. Re1 {[%emt 0:03:46]} Rxe1 34. Kxe1 Qh1+ {[%emt 0:01:00]} 35. Kf2 {[%emt 0:01:00]} Qh3 {[%emt 0:00:30]} 36. Re2 {[%emt 0:00:30]} Qh2+ {[%emt 0:00:30]} 37. Kf1 {[%emt 0:00:30]} Qxh5 {[%emt 0:00:30]} 0-1